| 000 | 00621nam a2200229Ia 4500 | ||
|---|---|---|---|
| 003 | OSt | ||
| 005 | 20230517110924.0 | ||
| 008 | 210423s2013 xx 000 0 und d | ||
| 020 | _a978-81-269-1146-4 | ||
| 040 | _cAL | ||
| 041 | _aeng | ||
| 082 |
_a547.2 _223 _b WARO |
||
| 100 |
_aWARREN (Stuart) _9106115 |
||
| 245 | _aOrganic synthesis: the disconnection approach | ||
| 260 |
_aNew Delhi _bWiley and Sons _c2013 |
||
| 300 |
_a390 _bPB |
||
| 365 |
_b499 _cINR |
||
| 650 |
_aChemistry _9106116 |
||
| 650 |
_aOrganic Chemistry _9106117 |
||
| 906 | _aapproach ; Organic ; synthesis:disconnection | ||
| 942 |
_2ddc _cBK |
||
| 999 |
_c166559 _d166559 |
||